Climb to Victory: (Record no. 205879)

MARC details
000 -LEADER
fixed length control field 00640nam a22001937a 4500
005 - DATE AND TIME OF LATEST TRANSACTION
control field 20240925144559.0
010 ## - LCCN (DPL NO)
LC control number ENG-141767
020 ## - INTERNATIONAL STANDARD BOOK NUMBER
International Standard Book Number 9789356848955
Terms of availability 395.00
035 ## - SYSTEM CONTROL NUMBER
System control number EN-125299
037 ## - SOURCE OF ACQUISITION
Source of stock number/acquisition DBAD
082 ## - DEWEY DECIMAL CLASSIFICATION NUMBER
Classification number 616.99449
100 ## - MAIN ENTRY--PERSONAL NAME
Personal name Bhat, Jayshree Thatte
245 ## - TITLE STATEMENT
Title Climb to Victory:
Remainder of title Over Breast Cancer/
Statement of responsibility, etc By Jayshree Thatte Bhat
250 ## - EDITION STATEMENT
Edition statement 1
260 ## - PUBLICATION, DISTRIBUTION, ETC. (IMPRINT)
Place of publication, distribution, etc New Delhi
Name of publisher, distributor, etc Diamond Pocket Books
Date of publication, distribution, etc 2024
270 ## - ADDRESS
Address X- 30, Okhla Industrial Area, Phase-II
City New Delhi
Postal code 110020
Electronic mail address wecare@diamondbooks.in
Telephone number 011-40712100
-- 011-41611861
300 ## - PHYSICAL DESCRIPTION
Extent 252p.
Dimensions 22cm(pb)
942 ## - ADDED ENTRY ELEMENTS (KOHA)
Source of classification or shelving scheme Dewey Decimal Classification
Item type English Books
Classification part 616.99449
Call number suffix BHA
Holdings
Withdrawn status Lost status Not for loan Collection code Home library Current library Date acquired Source of acquisition Cost, normal purchase price Full call number Barcode Copy number Cost, replacement price Koha item type
      Non-fiction Vinoba Puri Vinoba Puri 25/09/2024 Delivery of Books Act Division 395.00 616.99449 BHA EN-125299 1 395.00 English Books

© Delhi Public Library
Hit Counter
free hit counter